| 000 | 00815cam a2200253Ia 4500 | ||
|---|---|---|---|
| 020 | _a1863202234 | ||
| 020 | _a9781863202237 | ||
| 040 | _cCUV | ||
| 082 | _a333 ACI 1999 A068 Or. | ||
| 245 | 0 | 0 |
_aImproving smallholder farming systems in Imperata areas of Southeast Asia : _balternatives to shifting cultivation / |
| 260 |
_aCanberra, ACT : _bACIAR, _c[1999?] |
||
| 300 |
_axxxv, 280 p. : _bill. ; _c24 cm. |
||
| 490 | 1 | _aACIAR monograph ; | |
| 650 | 0 | _aFarms, Small | |
| 650 | 0 | _aShifting cultivation | |
| 650 | 0 | _aArboriculture | |
| 650 | 0 | _aImperata | |
| 700 | 1 | _aMenz, Kenneth. | |
| 700 | 1 | _aMagcale-Macandog, Damasa. | |
| 700 | 1 | _aWayan Rusastra, I. | |
| 710 | 2 | _aAustralian Centre for International Agricultural Research. | |
| 710 | 2 | _aCenter for International Forestry Research. | |
| 942 | _cEK | ||
| 999 |
_c14683 _d14683 |
||